01622cam a22003497i 4500001000500000005001700005020001800022040011900040050002300159082001000182100004700192245003100239250003000270260003400300300006600334490002000400505000800420520037900428521002300807521002000830650003900850650004000889650004400929650003700973650004801010650003701058650004601095650003201141655003801173655002701211655003401238257720240108094725.0 a9780545433167 aBTCTAbengcBTCTAerdadYDXCPdHQDdPX0dOCLCQdGK8dWIMdOCLCFdZPPdABGdMNMdOCLCOdAUMCSdVP@dOCLdOCLCOdDLC00aPZ7.7.K52bFi 201604a741.51 aKibuishi, Kazud1978-eauthoreillustrator10aFirelight /cKazu Kibuishi aFirst edition, March 2016 aNew York :bScholastic,c2016 a197 pages :bchiefly color illustrations, color map ;c24 cm.0 aAmulet vBook 7 aG  a"Emily, Trellis, and Vigo visit Algos Island, where they can access and enter lost memories. They're hoping to uncover the events of Trellis's mysterious childhood -- knowledge they can use against the Elf King. What they discover is a dark secret that changes everything. Meanwhile, the Voice of Emily's Amulet is getting stronger, and threatens to overtake her completely" a410 GN bLexile  aG bRaz-Plus  0aAmuletsvComic books, strips, etc. 0aSiblingsvComic books, strips, etc. 0aSupernaturalvComic books, strips, etc. 0aElvesvComic books, strips, etc. 0aImaginary placesvComic books, strips, etc. 0aMagicvComic books, strips, etc. 0aComic books, strips, etc.zUnited States. 0aSiblingsvJuvenile fiction. 0aFantasy comic books, strips, etc. 7aGraphic novels.2lcgft 7aComics (Graphic works)2lcgft